000 00364nam a2200145Ia 4500
008 150201s2002 xx 000 0 und d
082 _a617.6
_bM2002B
100 _aC.S.BAL
245 _aMCQS IN DENTISTRY: KEY TO SUCCESS
250 _a1ST
260 _bAITBS
_aDELHI
_c2002
300 _a1-478
650 _aCONSERVATIVE DENTISTRY & ENDODONTICS
942 _2ddc
_cBK
999 _c2738
_d2738